000 00736nam a2200241Ia 4500
003 GCL
008 140319s9999 xx 000 0 ara d
040 _aGCL /
_cGCL
082 0 4 _a340.5
_bم ت
100 1 _aمحمد نور فرحات
245 1 0 _aالتاريخ الاجتماعى للقانون فى مصر الحديثة /
_cمحمد نور فرحات
260 _a[S.N] :
_bدار سعاد الصباح
300 _a517 ص
490 _aدار سعاد الصباح
_v0
650 0 4 _aالقانون
650 0 4 _aمصر
650 0 4 _aتاريخ
650 0 4 _aالاحوال الاجتماعية
650 0 4 _aالقضاء
650 0 4 _aالمحاكم
650 0 4 _aالشخصية المصرية
942 _2ddc
_cBK
999 _c29614
_d29614